| 000 | 00481cam a2200157 4500500 | ||
|---|---|---|---|
| 005 | 20251228053002.0 | ||
| 041 | _afre | ||
| 042 | _adc | ||
| 100 | 1 | 0 |
_aAuthier, Jean-Yves _eauthor |
| 700 | 1 | 0 |
_aBidou, Catherine _eauthor |
| 245 | 0 | 0 | _aÉditorial |
| 260 | _c2005. | ||
| 500 | _a3 | ||
| 786 | 0 | _nEspaces et sociétés | 120-121 | 1 | 2005-06-01 | p. 7-14 | 0014-0481 | |
| 856 | 4 | 1 | _uhttps://shs.cairn.info/revue-espaces-et-societes-2005-1-page-7?lang=fr&redirect-ssocas=7080 |
| 999 |
_c1584893 _d1584893 |
||